000 00483nam a2200157 i 4500
001 55795
003 ES-MaACL
005 20230906163224.0
007 t|
008 030926s1965 sp ||||1| spa d
245 0 0 _a"Día de la provincia" y fiesta del romance en Mayorga de Campos.
260 _a[Valladolid :
_bDiputación Provincial de Valladolid],
_c1965.
300 _a139 p., 12 lám. ;
_c22 cm.
650 4 _aFiestas-
_zMayorga.
_9164617
852 _aES-MaACL
_jC-29607
_bR.58351
999 _c55795
_d55795